000 00248nam a22001097a 4500
082 _a613
100 _aRrehan Seema
_980745
245 _aYoga for Stress Management
260 _aDelhi
_bRishabh Books
_c2016
650 _aYoga
_980746
942 _cBK
999 _c64008
_d64008